Dates : Histoire de France - Statistiques

Statistiques générales
  • Ce quiz a été pris 2 249 fois
    1 850 depuis la dernière actualisation
  • Le résultat moyen est 14 sur 30
Statistiques - réponses
Evénement Date % Correct
Début de la Première Guerre Mondiale 1914
87%
Bataille de Waterloo 1815
76%
Sacre de Napoléon Ier 1804
74%
Sacre de Charlemagne 800
74%
Proclamation de la Vème République 1958
72%
Bataille de Marignan 1515
67%
Exécution de Louis XVI 1793
66%
Libération de Paris par le Général Leclerc 1944
64%
Début de la IVème République 1946
64%
Traité de Versailles 1919
62%
Guerre Franco-prussienne 1870
59%
Coup d'Etat du 18 Brumaire 1799
57%
Victoire du Front populaire 1936
55%
Mort de Louis XIV 1715
54%
Révolution des Trois Glorieuses 1830
54%
Inauguration de la Tour Eiffel 1889
53%
Début de la Guerre de Cent Ans 1337
36%
Assassinat d'Henri IV 1610
36%
Guillaume le Conquérant devient Roi d'Angleterre 1066
29%
Fin de la Guerre de Sept Ans 1763
27%
Massacre de la Saint-Barthélémy 1572
26%
Bataille de Bouvines 1214
25%
Election d'Hugues Capet 987
23%
Traités de Westphalie 1648
22%
Début de l'épopée de Jeanne d'Arc 1429
19%
Baptême de Clovis 498
19%
Appel à la première Croisade 1096
17%
Mort de Saint-Louis 1270
15%
Execution des Templiers par Philippe IV le Bel 1314
14%
Siège de La Rochelle par Richelieu 1628
12%
Aucun quiz correspondant
Distribution des résultats
% des personnes avec chaque résultat
Percentile par nombre de réponses
Votre historique - résultats
Vous n’avez pas pris ce quiz depuis la dernière actualisation